Normal view MARC view

Entry Nombre personal

Number of records used in: 2

001 - NÚMERO DE CONTROL

  • campo de control: 891

003 - IDENTIFICADOR DE NÚMERO DE CONTROL

  • campo de control: DLC

005 - FECHA Y HORA DE LA ÚLTIMA TRANSACCIÓN

  • campo de control: 20260313113148.0

008 - ELEMENTOS DE DATO DE LONGITUD-FIJA

  • campo de control de longitud fija: 940831n| azannaabn |b aaa c

010 ## - NÚMERO DE CONTROL DE LA BIBLIOTECA DEL CONGRESO

  • Número de control de LC: n 94084206

035 ## - NÚMERO DE CONTROL DEL SISTEMA

  • Número de control de sistema: (OCoLC)oca03673534

040 ## - FUENTE DE CATALOGACIÓN

  • Centro catalogador/agencia de origen: CU
  • Lengua de catalogación: eng
  • Normas de descripción: rda
  • Centro/agencia transcriptor: CU
  • Centro/agencia modificador: DLC
  • Centro/agencia modificador: OCoLC
  • Centro/agencia modificador: NcU

046 ## - FECHAS CON CODIFICACIÓN ESPECIAL

  • Fecha de nacimiento: 1957
  • Fuente del esquema de fecha: edtf

053 #0 - NÚMERO DE CLASIFICACIÓN LC

  • Número de clasificación–único número o número inicial del rango: PQ4880.A445

100 1# - ENCABEZAMIENTO-NOMBRE DE PERSONA

  • Nombre de persona: Tamaro, Susanna,
  • Fechas asociadas al nombre: 1957-

370 ## - LUGAR ASOCIADO

  • Lugar de nacimiento: Trieste (Italy)
  • Fuente del término: naf

375 ## - GÉNERO/SEXO

  • Género: female

377 ## - IDIOMA ASOCIADO

  • Código del idioma: ita

400 1# - TRAZADO DE VÉASE--NOMBRE DE PERSONA

  • Nombre de persona: תמרו, סוזאנה,
  • Fechas asociadas al nombre: 1957־

670 ## - FUENTE DE DATOS ENCONTRADOS

  • Cita de la fuente: Va' dove ti porta il cuore, 1994:
  • Información encontrada: t.p. (Susanna Tamaro) flap (b. 1957 in Trieste)

670 ## - FUENTE DE DATOS ENCONTRADOS

  • Cita de la fuente: For solo voice, 1995:
  • Información encontrada: t.p. (Susanna Tamaro) jkt. (graduated in cinematography and made scientific documentaries for RAI)

670 ## - FUENTE DE DATOS ENCONTRADOS

  • Cita de la fuente: La tigre e l'acrobata, 2016:
  • Información encontrada: title page (Susanna Tamaro)